000 00422nam a2200181Ia 4500
001 5101
005 20260306145843.0
008 260306t2017||||xx |||||||||||||| ||spa||
041 _aESP
082 _a333
_bC76
100 _aCommon, Michael,
_eAUT
245 0 _aIntroducción a la economía ecológica
260 _c2017
300 _a562 páginas :
_c
650 _aGEN
654 _aCIA
942 _cLIB
_dJUS
_fJUS
_2ddc
_n
999 _c5101
_d5101